The Southern Illinois Goethe celebration ; a collection of nine papers [read at Southern Illinois University in observance of the two-hundredth anniversary of the birth of Johann Wolfgang von Goethe, 1749-1832] /

Bibliographic Details
Corporate Author: Southern Illinois University at Carbondale
Format: Book
Language:English
Published: [Carbondale], [publisher not identified] ; 1950.
Subjects:

MARC

Tag First Indicator Second Indicator Subfields
LEADER 00000cam a2200000 4500
001 in00000022978
005 20151007064225.0
008 770714s1950 ilu s00010 eng
010 |a  51061872  
035 |a (OCoLC)03114631 
035 |9 AAD9345AM 
040 |a DLC  |c SPI  |d TXA  |d UtOrBLW 
049 |a TXAM  |c [193453] 
050 0 0 |a PT2178  |b .I45 
082 0 |a 928.3 
092 |a 832  |b G599Yi 
110 2 |a Southern Illinois University at Carbondale. 
245 1 4 |a The Southern Illinois Goethe celebration ;  |b a collection of nine papers [read at Southern Illinois University in observance of the two-hundredth anniversary of the birth of Johann Wolfgang von Goethe, 1749-1832] /  |c Edited by H. A. Hartwig. 
264 1 |a [Carbondale],  |b [publisher not identified] ;  |c 1950. 
300 |a 55 pages ;  |c 27 cm. 
336 |a text  |b txt  |2 rdacontent 
337 |a unmediated  |b n  |2 rdamedia 
338 |a volume  |b nc  |2 rdacarrier 
600 1 0 |a Goethe, Johann Wolfgang von,  |d 1749-1832. 
600 1 0 |a Goethe, Johann Wolfgang von,  |d 1749-1832  |x Anniversaries, etc., 1949. 
999 |a MARS 
999 f f |s 24dbc8d1-65b2-3b9b-b92f-695a5786630d  |i 5e623a22-92d7-300c-bcdb-917a9951b4f6  |t 0 
952 f f |p ric  |a Texas A&M University  |b Rellis Campus  |c Joint Library Facility  |d Remote Storage  |t 0  |e PT2178 .I45  |h Library of Congress classification  |i unmediated -- volume  |m A14801352627 
998 f f |a PT2178 .I45  |t 0  |l Remote Storage